La Etica protestante y el espíritu del capitalismo /

Uloženo v:
Podrobná bibliografie
Hlavní autor: Weber, Max
Další autoři: Legaz Lacamba, Luis trad
Médium: Text
Témata:
Tagy: Přidat tag
Žádné tagy, Buďte první, kdo vytvoří štítek k tomuto záznamu!

MARC

LEADER 00000 a a2200000 04500
001 9642
003
040
100 |a Weber, Max  
245 |a La Etica protestante y el espíritu del capitalismo /  |c Max Weber 
500 |a Notas críticas a cargo de Francisco Gil Villegas M  
650 |a CAPITALISMO  
650 |a PROTESTANTISMO  
650 |a RACIONALIZACION  
700 |a Legaz Lacamba, Luis   |a trad  
773 |g volumen 6 -7, número 26 -27; páginas 99-115  
999 |c 23895  |d 23895